Toutes les communes de l'Allier sur une carte - Statistiques

Statistiques générales
  • Ce quiz a été pris 743 fois
  • Le résultat moyen est 62 sur 317
Réponses sur la Carte
Les réponses sont colorées sur une échelle allant du rouge au vert en fonction du pourcentage des utilisateurs qui les ont devinées à leur premier essai. Vous pouvez retrouver ces pourcentages ci-dessous.
 
Statistiques - réponses
Initiale Réponse Population (2021) % Correct
M Moulins 19 343
96%
V Vichy 25 789
93%
M Montluçon 33 342
88%
Y Yzeure 12 598
73%
Sᵗ Saint-Pourçain-sur-Besbre 370
68%
Sᵗ Saint-Pourçain-sur-Sioule 4 997
68%
G Gannat 5 759
64%
D Dompierre-sur-Besbre 2 990
61%
C Cusset 12 909
56%
B Bourbon-l'Archambault 2 554
55%
L Lapalisse 3 137
55%
A Avermes 4 060
52%
B Bellerive-sur-Allier 8 855
52%
C Commentry 6 059
50%
D Domérat 8 667
48%
V Varennes-sur-Allier 3 609
48%
V Varennes-sur-Tèche 223
48%
M Montmarault 1 523
45%
Sᵗ Saint-Germain-de-Salles 427
45%
Sᵗ Saint-Germain-des-Fossés 3 638
45%
Sᵗ Saint-Yorre 2 595
42%
(Le) D Le Donjon 1 028
41%
S Souvigny 1 726
41%
C Cosne-d'Allier 2 020
39%
H Hérisson 583
39%
(Le) M Le Mayet-d'École 294
39%
(Le) M Le Mayet-de-Montagne 1 387
39%
T Toulon-sur-Allier 1 157
38%
C Châtel-de-Neuvre 552
37%
C Châtel-Montagne 321
37%
D Désertines 4 387
37%
Sᵗ Saint-Victor 2 093
37%
J Jaligny-sur-Besbre 551
36%
N Néris-les-Bains 2 514
35%
Sᵗ Saint-Bonnet-de-Four 219
33%
Sᵗ Saint-Bonnet-de-Rochefort 718
33%
Sᵗ Saint-Bonnet-Tronçais 733
33%
B Billy 810
32%
C Cérilly 1 309
32%
H Haut-Bocage 855
32%
Sᵗ Saint-Martin-des-Lais 125
32%
L Lurcy-Lévis 1 879
31%
M Montbeugny 651
31%
C Charroux 342
30%
C Creuzier-le-Neuf 1 230
30%
C Creuzier-le-Vieux 3 254
30%
H Huriel 2 600
30%
V Vallon-en-Sully 1 491
30%
V Villeneuve-sur-Allier 1 051
30%
B Bessay-sur-Allier 1 365
29%
É Ébreuil 1 271
29%
L Lusigny 1 651
29%
N Neuilly-en-Donjon 206
29%
N Neuilly-le-Réal 1 444
29%
Sᵗ Saint-Didier-en-Donjon 246
29%
Sᵗ Saint-Didier-la-Forêt 376
29%
Sᵗ Saint-Pierre-Laval 358
29%
V Villefranche-d'Allier 1 268
29%
(La) C La Chapelle 390
28%
(La) C La Chapelle-aux-Chasses 196
28%
N Neuvy 1 492
28%
T Thiel-sur-Acolin 1 029
28%
A Abrest 2 919
27%
D Deux-Chaises 384
27%
D Diou 1 359
27%
C Château-sur-Allier 169
26%
(Le) M Le Montet 470
26%
Q Quinssaines 1 524
26%
Sᵗ Saint-Menoux 1 120
26%
Y Ygrande 777
26%
B Bressolles 1 139
25%
C Chapeau 237
25%
C Chemilly 605
25%
(Le) V Le Vernet 1 913
25%
M Marcillat-en-Combraille 905
25%
Sᵗ Saint-Gérand-de-Vaux 382
25%
Sᵗ Saint-Gérand-le-Puy 950
25%
T Trévol 1 636
25%
B Bizeneuille 295
24%
C Chantelle 1 108
24%
C Charmeil 987
24%
C Chevagnes 641
24%
P Paray-le-Frésil 382
24%
P Paray-sous-Briailles 617
24%
Sᵗ Saint-Nicolas-des-Biefs 162
24%
Sᵗ Saint-Rémy-en-Rollat 1 767
24%
T Tronget 887
24%
B Beaulon 1 632
23%
L Louroux-Bourbonnais 204
23%
L Louroux-de-Beaune 168
23%
L Louroux-de-Bouble 229
23%
P Prémilhat 2 507
23%
B Besson 763
22%
(La) C La Chapelaude 942
22%
L Lavault-Sainte-Anne 1 143
22%
Sᵗ Saint-Léon 536
22%
G Gennetines 629
21%
H Hauterive 1 186
21%
(La) F La Ferté-Hauterive 265
21%
M Malicorne 773
21%
N Noyant-d'Allier 596
21%
Sᵗ Saint-Loup 568
21%
V Vaumas 535
21%
V Vendat 2 254
21%
A Ainay-le-Château 984
20%
A Arpheuilles-Saint-Priest 365
20%
B Bellenaves 982
20%
D Doyet 1 149
20%
V Vaux 1 164
20%
B Broût-Vernet 1 200
19%
C Chamblet 1 085
19%
G Gannay-sur-Loire 404
19%
M Montilly 503
19%
Sᵗ Saint-Hilaire 515
19%
Sᵗ Saint-Marcel-en-Marcillat 125
19%
Sᵗ Saint-Marcel-en-Murat 126
19%
S Saligny-sur-Roudon 656
19%
A Audes 413
18%
B Brugheas 1 547
18%
Sᵗ Saint-Clément 284
18%
Sᵗ Saint-Éloy-d'Allier 50
18%
Sᵗ Saint-Étienne-de-Vicq 527
18%
V Villebret 1 331
18%
B Bayet 675
17%
B Bézenet 923
17%
B Buxières-les-Mines 1 004
17%
C Chambérat 286
17%
C Chézy 217
17%
C Chouvigny 228
17%
C Coulandon 637
17%
C Cressanges 634
17%
D Durdat-Larequille 1 320
17%
E Estivareilles 1 116
17%
G Gipcy 237
17%
(Le) V Le Veurdre 464
17%
Sᵗ Saint-Angel 759
17%
Sᵗ Saint-Désiré 433
17%
Sᵗ Saint-Ennemond 612
17%
Sᵗ Saint-Priest-d'Andelot 145
17%
Sᵗ Saint-Priest-en-Murat 213
17%
V Vieure 273
17%
A Arfeuilles 625
16%
B Busset 817
16%
C Couleuvre 595
16%
D Deneuille-lès-Chantelle 90
16%
D Deneuille-les-Mines 358
16%
(Le) B Le Brethon 322
16%
M Meaulne-Vitray 901
16%
Sᵗ Saint-Prix 793
16%
U Urçay 291
16%
V Vicq 293
16%
E Espinasse-Vozelle 974
15%
G Garnat-sur-Engièvre 692
15%
(Le) V Le Vilhain 273
15%
L Lignerolles 751
15%
M Monétay-sur-Allier 540
15%
M Monétay-sur-Loire 247
15%
R Reugny 260
15%
Sᵗ Saint-Plaisir 407
15%
A Agonges 305
14%
C Chazemais 499
14%
É Étroussat 664
14%
J Jenzat 515
14%
(La) C La Celle 402
14%
L Lalizolle 415
14%
L Lamaids 216
14%
L Laprugne 311
14%
M Marigny 201
14%
M Mariol 713
14%
M Mercy 243
14%
N Nassigny 193
14%
Sᵗ Saint-Aubin-le-Monial 268
14%
Sᵗ Saint-Christophe-en-Bourbonnais 432
14%
Sᵗ Saint-Genest 388
14%
T Treteau 514
14%
V Verneuil-en-Bourbonnais 234
14%
A Archignat 337
13%
B Bagneux 330
13%
B Boucé 490
13%
C Cognat-Lyonne 708
13%
É Échassières 370
13%
F Ferrières-sur-Sichon 516
13%
G Gouise 220
13%
(La) C La Chabanne 174
13%
L Louchy-Montfand 418
13%
M Magnet 1 037
13%
M Molinet 1 139
13%
M Molles 925
13%
M Montaigu-le-Blin 300
13%
M Montvicq 702
13%
M Murat 271
13%
Ste Sainte-Thérence 179
13%
Sᵗ Saint-Palais 159
13%
S Saulcet 652
13%
S Saulzet 387
13%
T Terjat 181
13%
V Verneix 581
13%
A Aubigny 140
12%
A Auroüer 423
12%
A Autry-Issards 313
12%
B Biozat 901
12%
B Bransat 527
12%
C Châtillon 310
12%
E Escurolles 792
12%
H Hyds 304
12%
(La) P La Petite-Marche 164
12%
(Le) B Le Breuil 531
12%
(Le) T Le Theil 389
12%
M Marcenat 415
12%
M Mazirat 287
12%
N Naves 128
12%
P Pierrefitte-sur-Loire 511
12%
Sᵗ Saint-Caprais 92
12%
Sᵗ Saint-Pont 695
12%
S Sauvagny 83
12%
T Teillet-Argenty 554
12%
T Theneuille 350
12%
V Valigny 371
12%
A Arronnes 379
11%
B Beaune-d'Allier 290
11%
B Bresnay 385
11%
C Colombier 320
11%
C Courçais 313
11%
I Isserpent 559
11%
L Laféline 194
11%
L Liernolles 205
11%
P Périgny 455
11%
R Rongères 544
11%
Sᵗ Saint-Félix 292
11%
Sᵗ Saint-Martinien 594
11%
Sᵗ Saint-Sauvier 330
11%
Sᵗ Saint-Voir 199
11%
S Serbannes 813
11%
T Target 251
11%
T Taxat-Senat 200
11%
T Treban 381
11%
T Treignat 398
11%
U Ussel-d'Allier 170
11%
V Venas 230
11%
B Bost 180
10%
B Braize 259
10%
C Charmes 381
10%
C Chassenard 1 026
10%
C Châtelperron 133
10%
C Contigny 577
10%
C Créchy 430
10%
F Fleuriel 340
10%
L Lételon 90
10%
L Loriges 347
10%
M Mazerier 313
10%
M Meillers 126
10%
M Mesples 122
10%
M Montcombroux-les-Mines 295
10%
M Montoldre 613
10%
P Pouzy-Mésangy 388
10%
S Sanssat 277
10%
T Thionne 284
10%
V Viplaix 292
10%
V Voussac 491
10%
B Barberier 141
9%
C Chappes 241
9%
C Chareil-Cintrat 376
9%
D Droiturier 365
9%
F Franchesse 480
9%
I Isle-et-Bardais 281
9%
(Le) P Le Pin 428
9%
M Meillard 315
9%
M Montord 212
9%
R Ronnet 175
9%
Sᵗ Saint-Fargeol 187
9%
T Trézelles 400
9%
V Veauce 38
9%
A Avrilly 136
8%
B Bègues 226
8%
B Bert 247
8%
C Cesset 427
8%
C Châtelus 108
8%
C Chezelle 158
8%
C Cindré 289
8%
C Coulanges 298
8%
C Couzon 314
8%
F Fourilles 187
8%
L Lavoine 150
8%
L Limoise 172
8%
M Monestier 275
8%
N Nades 154
8%
R Rocles 347
8%
Sᵗ Saint-Léger-sur-Vouzance 261
8%
Sᵗ Saint-Léopardin-d'Augy 370
8%
T Tortezais 177
8%
V Vernusse 150
8%
A Andelaroche 229
7%
B Billezois 363
7%
B Blomard 236
7%
C Chavenon 137
7%
C Chirat-l'Église 128
7%
(La) G La Guillermie 120
7%
L Lenax 242
7%
L Luneau 272
7%
M Montaiguët-en-Forez 287
7%
M Monteignet-sur-l'Andelot 262
7%
S Seuillet 479
7%
B Barrais-Bussolles 186
6%
C Chavroches 256
6%
L Langy 269
6%
L Loddes 168
6%
N Neure 196
6%
N Nizerolles 295
6%
P Poëzat 152
6%
Sᵗ Saint-Sornin 221
6%
S Sazeret 141
6%
S Servilly 273
6%
S Sorbier 317
6%
S Sussat 103
6%
V Valignat 69
6%
C Coutansouze 156
5%
(Le) B Le Bouchaud 199
5%
Aucun quiz correspondant
Distribution des résultats
% des personnes avec chaque résultat
Percentile par nombre de réponses
Votre historique - résultats
Vous n’avez pas pris ce quiz